Fluid Mechanics and its Applications (Record no. 11946)
[ view plain ]
| 000 -LEADER | |
|---|---|
| fixed length control field | 00541nam a22002057a 4500 |
| 003 - CONTROL NUMBER IDENTIFIER | |
| control field | PK-NaQUE |
| 005 - DATE AND TIME OF LATEST TRANSACTION | |
| control field | 20250730144941.0 |
| 008 - FIXED-LENGTH DATA ELEMENTS--GENERAL INFORMATION | |
| fixed length control field | 250730b ||||| |||| 00| 0 eng d |
| 020 ## - INTERNATIONAL STANDARD BOOK NUMBER | |
| International Standard Book Number | 8122439977 |
| 020 ## - INTERNATIONAL STANDARD BOOK NUMBER | |
| International Standard Book Number | 978-8122439977 |
| 040 ## - CATALOGING SOURCE | |
| Transcribing agency | QUEST |
| 082 ## - DEWEY DECIMAL CLASSIFICATION NUMBER | |
| Classification number | 627GUP |
| 100 ## - MAIN ENTRY--PERSONAL NAME | |
| Personal name | Gupta, Vijay |
| 245 ## - TITLE STATEMENT | |
| Title | Fluid Mechanics and its Applications |
| 260 ## - PUBLICATION, DISTRIBUTION, ETC. (IMPRINT) | |
| Place of publication, distribution, etc | New Delhi |
| Name of publisher, distributor, etc | McGraw Hill |
| Date of publication, distribution, etc | 1984 |
| 300 ## - PHYSICAL DESCRIPTION | |
| Extent | 536 |
| 650 ## - SUBJECT ADDED ENTRY--TOPICAL TERM | |
| Topical term or geographic name as entry element | Fluid Mechanics |
| 856 ## - ELECTRONIC LOCATION AND ACCESS | |
| Uniform Resource Identifier | <a href="http://10.10.170.122:8080/browse/book/28011">http://10.10.170.122:8080/browse/book/28011</a> |
| Link text | Download eBook |
| 942 ## - ADDED ENTRY ELEMENTS (KOHA) | |
| Koha item type | Books |
| Source of classification or shelving scheme | Dewey Decimal Classification |
| Withdrawn status | Lost status | Damaged status | Not for loan | Home library | Current library | Date acquired | Cost, normal purchase price | Total Checkouts | Full call number | Barcode | Date last seen | Koha item type | Collection code | Price effective from |
|---|---|---|---|---|---|---|---|---|---|---|---|---|---|---|
| Central Library, QUEST, Nawabshah | Reference Section | 13/01/2015 | 143.60 | 627GUP(Shelf - 39D) | 9353 | 13/01/2015 | Books | Reference | ||||||
| Seminar Library, Civil Engg. | Seminar Library, Civil Engg. | 13/01/2015 | 143.60 | 627GUP | 9354 | 13/01/2015 | Books | 13/01/2015 | ||||||
| Seminar Library, Mechanical Engg. | Seminar Library, Mechanical Engg. | 13/01/2015 | 143.60 | 627GUP | 9352 | 13/01/2015 | Books |